000 00804nac a22002537a 4500
001 BR6004061
003 BR-BrBNA
005 20240105113104.0
008 230509b bl.|||m| |||| 00| 0 por d
040 _aBR-BrBNA
_bpor
_cBiblioteca Nacional de Agricultura
072 _aF00
090 _a0430 BR6004061
100 1 _aMartins, R.C.
110 1 _aInstituto Agronomico, Campinas, SP (Brasil)
245 1 _aInstrucoes praticas sobre a cultura do algodoeiro [Gossypium spp; Pratica cultural; Brasil]
250 1 _a2. ed
260 3 _aCampinas, SP (Brasil):
_c1935.
300 _a22 p.
490 _aBoletim - Instituto Agronomico (Brazil)
_vno. 5
_xISSN 0375-1538
650 _aALGODAO
650 _aPRATICA CULTURAL
909 _a202312
_bLúcia Elande
_c55
_dLúcia Elande
942 _2AGRIS
_n0
_cMS
999 _c261820
_d261820